Normal view
MARC view
- The Network press dictionary of networking
Entry Topical Term
001 - CONTROL NUMBER
- control field: 119969
003 - CONTROL NUMBER IDENTIFIER
- control field: NUST
005 - DATE AND TIME OF LATEST TRANSACTION
- control field: 20240119110351.0
008 - FIXED-LENGTH DATA ELEMENTS
- fixed length control field: 240119|| aca||aabn | a|a d
040 ## - CATALOGING SOURCE
- Original cataloging agency: NUST
- Transcribing agency: NUST
150 ## - HEADING--TOPICAL TERM
- Topical term or geographic name entry element: The Network press dictionary of networking
670 ## - SOURCE DATA FOUND
- Source citation: Work cat.: (NUST)184357: Peter Dyson 119968, The Network press dictionary of networking, 1996
